Analytické metódy pre určovanie pôvodu vín

Gespeichert in:
Bibliographische Detailangaben
1. Verfasser: Maňúchová, Eva (Verfasst von)
Weitere Verfasser: Špánik, Ivan, 1971- (Betreuung Doktorarbeit)
Format: Manuskript Buch
Sprache:Slowakisch
Schlagworte:
Online-Zugang:http://is.stuba.sk/zp/portal_zp.pl?podrobnosti=83723
Tags: Tag hinzufügen
Keine Tags, Fügen Sie das erste Tag hinzu!

MARC

LEADER 00000ntm a22000003a 4500
001 stuzp46879
003 SK-STU
005 20160229160113.8
007 ta
008 150427s2015----xo-----f-mn---000-0-slo-d
040 |a STU  |b slo 
041 0 |a slo 
100 1 |a Maňúchová, Eva  |u 041180  |4 aut  |U FCHPT Ústav analytickej chémie  |T FCHPT Oddelenie analytickej chémie  |X 44161  |U C1180  |Y 108  |7 44161 
242 0 1 |a Analytical Methods for Determination of the Origin of Wines  |y eng 
245 1 0 |a Analytické metódy pre určovanie pôvodu vín 
650 4 |a víno  |2 slo 
650 4 |a pôvod vína  |2 slo 
650 4 |a plynová chromatografia  |2 slo 
650 4 |a prchavé organické zlúčeniny  |2 slo 
650 4 |a volatile organic compounds  |2 eng 
650 4 |a wine  |2 eng 
650 4 |a wine authenticity  |2 eng 
650 4 |a gas chromatography  |2 eng 
700 1 |a Špánik, Ivan,  |d 1971-  |4 ths  |X 3910  |7 A000003910 
856 4 |u http://is.stuba.sk/zp/portal_zp.pl?podrobnosti=83723 
SQL |a stuzp46879  |b DBP  |c SLO  |d Analytické metódy pre určovanie pôvodu vín  |e 44161  |f Maňúchová, Eva  |g 041180  |h 3910  |i Špánik, Ivan  |j 20140714  |k 752  |l 04  |m http://is.stuba.sk/zp/portal_zp.pl?podrobnosti=83723